Matemática 7º Básico: cuaderno de ejercicios

Shranjeno v:
Bibliografske podrobnosti
Glavni avtor: Santis Avalos, María Antonieta (autor)
Format: Knjiga
Jezik:španščina
Izdano: Santiago, Chile: SM Ediciones, 2015
Teme:
Oznake: Označite
Brez oznak, prvi označite!

MARC

LEADER 00000cam a2200000 a 4500
001 UCD9963
003 CL-VaPUC
005 20240705074027.0
008 170713e20160000cl |||||||||||||||||spa|d
999 |c 368966  |d 368964 
020 |a 9789563499490 
040 |c Pontificia Universidad Católica de Valparaíso 
082 0 4 |a 372.7 SAN 2015  |2 21 
100 0 |a Santis Avalos, María Antonieta  |e autor  |9 593906 
245 1 0 |a Matemática 7º Básico: cuaderno de ejercicios 
260 |a Santiago, Chile:  |b SM Ediciones,  |c 2015 
300 |a 206 páginas 
500 |a C.4. Donación Profesor Jaime Mena. Memo 02/2022. Abril 2022 
583 |a last modification  |c 20170713 16:08:00  |k Rodrigo Vera 
650 0 |a Educación básica   |9 224933 
650 0 |a Matemáticas  |x Enseñanza  |9 875527 
650 0 |a Libros de texto  |9 270019 
942 |c BK  |2 ddc 
945 |d 20170713 16:08:00  |a cmena 
952 |0 0  |1 0  |2 ddc  |3 erb  |4 0  |6 372_700000000000000_SAN_2015  |7 0  |8 A  |9 484473  |a BIBEDU  |b BIBEDU  |i 5405653  |o 372.7 SAN 2015  |p 5405653  |r 2019-11-24  |w 2019-11-24  |y BK  |z Catalogado en:20170713  |k EPE 
952 |0 0  |1 0  |2 ddc  |4 0  |6 372_700000000000000_SAN_2015  |7 0  |8 A  |9 496020  |a BIBMAT  |b BIBMAT  |c E_DIDACT  |d 2020-01-15  |i 5612128  |o 372.7 SAN 2015  |p 5612128  |r 2025-01-07  |t 1  |w 2020-01-15  |y BK  |k MAT 
952 |0 0  |1 0  |2 ddc  |4 0  |6 372_700000000000000_SAN_2015  |7 0  |8 A  |9 561552  |a BIBMAT  |b BIBMAT  |c E_DIDACT  |d 2020-03-12  |i 5608643  |o 372.7 SAN 2015  |p 5608643  |r 2025-01-07  |w 2020-03-12  |y BK  |k MAT 
952 |0 0  |1 0  |2 ddc  |4 0  |6 372_700000000000000_SAN_2015  |7 0  |8 A  |9 582835  |a BIBMAT  |b BIBMAT  |c E_DIDACT  |d 2022-05-03  |e Donación  |i 5650950  |o 372.7 SAN 2015  |p 5650950  |r 2025-01-07  |t 4  |w 2022-05-03  |y BK  |k MAT